Ben tarihim, Bay Başkan (Record no. 1621)

MARC details
000 -BAŞLIK
Sabit Uzunlukta Kontrol Alanı 00640na a2200241 4500
001 - KONTROL NUMARASI
Denetim Alanı 15889
003 - KONTROL NUMARASI IDENTIFIER
Denetim Alanı MIRAKIL
005 - SON İŞLEM TARİHİ VE ZAMANI
Denetim Alanı 20181213154829.0
008 - SABİT-BOY VERİ ELEMANLARI - GENEL BİLGİLER
Sabit Uzunlukta Kontrol Alanı 160926b tu 000 0
020 ## - ULUSLARARASI STANDART KİTAP NUMARASI
Uluslararası Standart Kitap Numarası 975494122X
035 ## - SİSTEM KONTROL NUMARASI
Sistem Kontrol Numarası 15889
040 ## - KATALOGLAMA KAYNAK
Orijinal Kataloglama Ajansı Milas
Kataloglama Dili tur
Metne Dönüştürmek Ajansı TR-AnCHP
082 ## - DEWEY ONLU SINIFLANDIRMA NUMARASI
Sınıflandırma Numarası 813.43083
Ürün Numarası T87b 1989
090 ## - SINIFLAMA NUMARASI
Sınıflama Numarası 813.43083 T87b 1989
100 ## - ANA GİRİŞ - KİŞİSEL İSİM
Kişisel Ad Tuşalp, Erbil
Bir Adıyla İlişkilendirilen Tarihler 1945-
245 ## - BAŞLIK TABLOSU
Başlık Ben tarihim, Bay Başkan
Sorumluluk Tablosu, Vb Erbil Tuşalp
250 ## - EDITION TABLOSU
Baskı Beyanı 2. bs.
260 ## - YAYIN, DAĞITIM, VB
Yayın, Dağıtım, Vb Yeri Ankara
Yayıncı, Dağıtıcı, Vs Adı Bilgi Yayınevi
Yayın, Dağıtım, Vb Tarihi 1989
300 ## - FİZİKSEL TANIM
Kapsam 253 s.
Boyutlar 20 sm.
490 ## - SERİSİ TABLOSU
Seri Beyanı Bilgi dizisi
Hacim / Ardışık Tanımı 64
650 ## - KONU KATMA GİRİŞ - TOPİKAL DÖNEM
Topikal Süreli Veya Coğrafi Ad Giriş Elemanı Türk edebiyatı
Genel Alt Bölümü Roman
Kronolojik Alt Bölümü Siyaset bilimi
942 ## - EKLENDİ GİRİŞ ELEMANLARI (KOHA)
Sınıflandırma Veya Raf Düzeni Kaynak Dewey Decimal Classification
Koha Öğesi Türü Books
999 ## - SİSTEM KONTROL NUMARALARI (KOHA)
Koha Biblionumber 1621
Koha Biblioitemnumber 1621
Holdings
Kalıcı Konum Mevcut Konum Edinme Tarihi Edinim Kaynak Toplam Check-Out'Lar Tam Çağrı Numarası Barkod Tarih Son Görülme İtibaren Geçerli Fiyatlar Koha Öğesi Türü
CHP Kütüphanesi CHP Kütüphanesi 09/26/2016 Bağış   813.43083 T87b 1989 004226 09/26/2016 09/26/2016 Books